| 000 | 00571nam a22002057a 4500 | ||
|---|---|---|---|
| 999 |
_c32039 _d32036 |
||
| 003 | OSt | ||
| 005 | 20210420160313.0 | ||
| 008 | 210420b ||||| |||| 00| 0 eng d | ||
| 020 | _a9966724494 | ||
| 040 |
_aMMU _bEng _cMMU |
||
| 050 | _aTR893.5.H37 2010 | ||
| 100 | _aHartley,Jean | ||
| 245 |
_aAfrica"s Big Five _bAnd other wildlife film makers _cJean Heartley |
||
| 260 |
_aLimuru: _bTwaweza Communications, _c2010. |
||
| 300 | _ax, 163p. | ||
| 500 | _ainvolves index | ||
| 650 |
_aWildlife _vAfrica"s Big Five |
||
| 700 | _aRichard Leakey | ||
| 942 |
_2lcc _cSHORTLOAN |
||